Organizational behavior / (Record no. 45404)

MARC details
000 -LEADER
fixed length control field 00726nam a22001817a 4500
008 - FIXED-LENGTH DATA ELEMENTS--GENERAL INFORMATION
fixed length control field 151125b xxu||||| |||| 00| 0 eng d
020 ## - INTERNATIONAL STANDARD BOOK NUMBER
International Standard Book Number 9780130166807
050 ## - LIBRARY OF CONGRESS CALL NUMBER
Classification number HD58.7
Item number .R62 2001
100 ## - MAIN ENTRY--PERSONAL NAME
Personal name Robbins, Stephen P., 1943-
245 ## - TITLE STATEMENT
Title Organizational behavior /
Statement of responsibility, etc Stephen P. Robbins
250 ## - EDITION STATEMENT
Edition statement 9th ed. [review copy]
260 ## - PUBLICATION, DISTRIBUTION, ETC. (IMPRINT)
Place of publication, distribution, etc Upper Saddle River, N.J. :
Name of publisher, distributor, etc Prentice Hall,
Date of publication, distribution, etc 2001
300 ## - PHYSICAL DESCRIPTION
Extent xxvii, 643 p. :
Other physical details col. ill. ;
Dimensions 26 cm. +
Accompanying material 1 computer laser optical disc (4 3/4 in.)
500 ## - GENERAL NOTE
General note Includes bibliographical references and indexes
538 ## - SYSTEM DETAILS NOTE
System details note System requirements for accompanying computer disc: Macintosh/Windows 95, 98, or NT
650 ## - SUBJECT ADDED ENTRY--TOPICAL TERM
Topical term or geographic name as entry element 650 0 Organizational behavior
942 ## - ADDED ENTRY ELEMENTS (KOHA)
Source of classification or shelving scheme Library of Congress Classification
Item type Book
Holdings
Withdrawn status Lost status Source of classification or shelving scheme Damaged status Not for loan Collection code Home library Current library Shelving location Date acquired Source of acquisition Cost, normal purchase price Total Checkouts Full call number Barcode Date last borrowed Copy number Price effective from Koha item type Serial Enumeration / chronology
    Library of Congress Classification     Non-fiction Bishop Okullu Memorial Library (Limuru Campus) Bishop Okullu Memorial Library (Limuru Campus) General Circulation 25/11/2015 Donation 1000.00 7 HD58.7 .R62 2001 044907 24/10/2022 1 25/11/2015 Book  
    Library of Congress Classification     Non-fiction Bishop Okullu Memorial Library (Limuru Campus) Bishop Okullu Memorial Library (Limuru Campus) Multimedia 25/11/2015 Donation     HD58.7 .R62 2001 044908   1 25/11/2015 Book CD